000 00295nam a22001337a 4500
008 170407b xxu||||| |||| 00| 0 eng d
020 _a9780071378291
041 _aeng
080 _210 ED
_a611.018
100 _a9
101 _aSHM
245 _aBASIC HISTOLOGY
_cCARLOS.L
942 _2udc
_cBK
999 _c10071
_d10071